Shell-shocked dispatches from a war : (Record no. 151904)

MARC details
000 -LEADER
fixed length control field 00568nam a22001817a 4500
005 - DATE AND TIME OF LATEST TRANSACTION
control field 20180507124459.0
010 ## - LCCN (DPL NO)
LC control number ENG-122896
020 ## - INTERNATIONAL STANDARD BOOK NUMBER
International Standard Book Number 9789386050212
Terms of availability 450.00
035 ## - SYSTEM CONTROL NUMBER
System control number EN-106428
037 ## - SOURCE OF ACQUISITION
Source of stock number/acquisition DBAD/PUB
082 ## - DEWEY DECIMAL CLASSIFICATION NUMBER
Classification number 956.94054
100 ## - MAIN ENTRY--PERSONAL NAME
Personal name Omer
245 ## - TITLE STATEMENT
Title Shell-shocked dispatches from a war :
Statement of responsibility, etc by Omer
Remainder of title on the ground under Israel's Gaza assault /
260 ## - PUBLICATION, DISTRIBUTION, ETC. (IMPRINT)
Place of publication, distribution, etc New Delhi
Name of publisher, distributor, etc Speaking Tiger
Date of publication, distribution, etc 2015
270 ## - ADDRESS
Address 4381/4, Ansari Road, Daryaganj,
City New Delhi
Postal code 110002
300 ## - PHYSICAL DESCRIPTION
Extent 311p.
Dimensions 21cm(pbk)
942 ## - ADDED ENTRY ELEMENTS (KOHA)
Source of classification or shelving scheme Dewey Decimal Classification
Item type English Books
Call number suffix OME
Classification part 956.94054
Holdings
Withdrawn status Lost status Not for loan Collection code Home library Current library Date acquired Source of acquisition Cost, normal purchase price Full call number Barcode Copy number Cost, replacement price Koha item type
    Not For Loan Non-fiction D.B.Act.Division Patel Nagar 07/05/2018 DBAD/PUB 450.00 956.94054 OME EN-106428 1 450.00 English Books

© Delhi Public Library
Hit Counter
free hit counter